<?xml version="1.0" encoding="UTF-8"?><?xml-stylesheet type="text/xsl" href="static/style.xsl"?><OAI-PMH xmlns="http://www.openarchives.org/OAI/2.0/" xmlns:xsi="http://www.w3.org/2001/XMLSchema-instance" xsi:schemaLocation="http://www.openarchives.org/OAI/2.0/ http://www.openarchives.org/OAI/2.0/OAI-PMH.xsd"><responseDate>2026-04-19T06:26:36Z</responseDate><request verb="GetRecord" identifier="oai:riubu.ubu.es:10259/9089" metadataPrefix="marc">https://riubu.ubu.es/oai/request</request><GetRecord><record><header><identifier>oai:riubu.ubu.es:10259/9089</identifier><datestamp>2024-05-01T00:05:18Z</datestamp><setSpec>com_10259_9090</setSpec><setSpec>com_10259_5086</setSpec><setSpec>com_10259_2604</setSpec><setSpec>com_10259_4249</setSpec><setSpec>com_10259_5363</setSpec><setSpec>col_10259_9091</setSpec><setSpec>col_10259_4250</setSpec><setSpec>col_10259_5364</setSpec></header><metadata><record xmlns="http://www.loc.gov/MARC21/slim" xmlns:doc="http://www.lyncode.com/xoai" xmlns:xsi="http://www.w3.org/2001/XMLSchema-instance" xmlns:dcterms="http://purl.org/dc/terms/" xsi:schemaLocation="http://www.loc.gov/MARC21/slim http://www.loc.gov/standards/marcxml/schema/MARC21slim.xsd">
<leader>00925njm 22002777a 4500</leader>
<datafield tag="042" ind1=" " ind2=" ">
<subfield code="a">dc</subfield>
</datafield>
<datafield tag="720" ind1=" " ind2=" ">
<subfield code="a">Osés Gómez, Sandra María</subfield>
<subfield code="e">author</subfield>
</datafield>
<datafield tag="720" ind1=" " ind2=" ">
<subfield code="a">Rodríguez, Carlos</subfield>
<subfield code="e">author</subfield>
</datafield>
<datafield tag="720" ind1=" " ind2=" ">
<subfield code="a">Valencia García, Olga</subfield>
<subfield code="e">author</subfield>
</datafield>
<datafield tag="720" ind1=" " ind2=" ">
<subfield code="a">Fernández Muiño, Miguel Ángel</subfield>
<subfield code="e">author</subfield>
</datafield>
<datafield tag="720" ind1=" " ind2=" ">
<subfield code="a">Sancho Ortiz, María Teresa</subfield>
<subfield code="e">author</subfield>
</datafield>
<datafield tag="260" ind1=" " ind2=" ">
<subfield code="c">2024-04</subfield>
</datafield>
<datafield tag="520" ind1=" " ind2=" ">
<subfield code="a">Honey is a natural sweetener made by bees that exhibits antimicrobial activity, mainly related to its H2O2 content. The aim of this work was to research the H2O2 concentration of 24 Spanish honeys from different botanical origins, studying their possible correlation with glucose oxidase (GOx), catalase (CAT), and anti-Staphylococcus aureus activities (minimal inhibition concentration (MIC), minimal bactericidal concentration (MBC), and percentage of inhibition at 5% (w/v) honey against Staphylococcus aureus), as well as possible correlations among all the analyzed parameters. The results showed that the H2O2 concentration did not depend on the botanical origin of the honeys. There were neither correlations between the H2O2 concentration and the activities of GOx and CAT, nor between GOx and antimicrobial activity. However, CAT and antimicrobial activities were positively correlated. Therefore, CAT could be successfully used as a possible marker of the antimicrobial activity of honeys against Staphylococcus aureus. Furthermore, a linear regression model has been fitted to explain the antimicrobial activity from CAT and GOx activity and H2O2 concentration. Although H2O2 is one of the compounds involved in honey’s antibacterial activity, this capacity also strongly depends on other honey components (such as low water activity, acidity, osmolarity, and phenolic compounds). The very high anti-Staphylococcus aureus activity exhibited by all samples could be interesting for commercial honey-based formulations also helping to promote local beekeeping.</subfield>
</datafield>
<datafield tag="024" ind2=" " ind1="8">
<subfield code="a">2304-8158</subfield>
</datafield>
<datafield tag="024" ind2=" " ind1="8">
<subfield code="a">http://hdl.handle.net/10259/9089</subfield>
</datafield>
<datafield tag="024" ind2=" " ind1="8">
<subfield code="a">10.3390/foods13091344</subfield>
</datafield>
<datafield tag="024" ind2=" " ind1="8">
<subfield code="a">2304-8158</subfield>
</datafield>
<datafield ind1=" " ind2=" " tag="653">
<subfield code="a">Honey</subfield>
</datafield>
<datafield ind1=" " ind2=" " tag="653">
<subfield code="a">Hydrogen peroxide</subfield>
</datafield>
<datafield ind1=" " ind2=" " tag="653">
<subfield code="a">Glucose oxidase</subfield>
</datafield>
<datafield ind1=" " ind2=" " tag="653">
<subfield code="a">Catalase</subfield>
</datafield>
<datafield ind1=" " ind2=" " tag="653">
<subfield code="a">Antimicrobial activity</subfield>
</datafield>
<datafield tag="245" ind1="0" ind2="0">
<subfield code="a">Relationships among Hydrogen Peroxide Concentration, Catalase, Glucose Oxidase, and Antimicrobial Activities of Honeys</subfield>
</datafield>
</record></metadata></record></GetRecord></OAI-PMH>